000 00347nam a22001457a 4500
003 SGT
020 _a81-219-42-49-7
082 _a615.32
_bE14B
100 _aB.M,SWAMY,BRUSHABENDRA
245 _aEXPERIMENTAL PHARMACOLOGY AND TOXICOLOGY
260 _aNEW DELHI
_bS.CHAND & COMPANY
_c2014
300 _a119
650 _aPHARMACY
942 _2ddc
_cBK
999 _c11200
_d11200